000 00505nam a2200145K 4500
082 0 4 _a945.083
_bRRE
100 1 _aTrevelyan, George Macaulay,
_946482
245 1 0 _aGaribaldi and the making of Italy
260 _aLondon,
_aNew York,
_bLongmans, Green,
_c1911.
300 _axix, 390 p.
_bfront., plates., ports., 4 fold. maps., music.
_c24 cm.
526 _a0
_b0
_c0
_d945_083000000000000_RRE
650 _aMCE
_9379
856 4 0 _uhttp://catalog.hathitrust.org/api/volumes/oclc/1128801.html
942 _2ddc
_cBK
999 _c552978
_d552978